Photograph - Ed Sheeran - Statistics

General Stats
  • This quiz has been taken 718 times
  • The average score is 265 of 319
Answer Stats
Hint Answer % Correct
i
99%
me
99%
a
97%
in
97%
so
97%
the
97%
you
97%
can
96%
keep
96%
love
95%
our
95%
we
95%
for
94%
on
94%
photograph
94%
it
92%
this
92%
your
92%
and
91%
eyes
91%
hurt
91%
inside
91%
memories
91%
only
91%
that
91%
thing
91%
jeans
90%
loving
90%
of
90%
pocket
90%
its
89%
never
89%
sometimes
89%
but
88%
know
88%
to
88%
home
87%
these
87%
when
87%
come
86%
hold
86%
ourselves
86%
ripped
86%
be
85%
is
85%
where
85%
us
84%
wait
83%
hearts
82%
broken
81%
feel
81%
get
81%
still
81%
frozen
80%
hard
80%
holding
80%
times
80%
ever
79%
makes
79%
are
78%
meet
78%
alive
77%
alone
77%
forever
77%
will
77%
closer
75%
go
75%
soul
75%
gets
74%
baby
73%
til
73%
won't
73%
wont
73%
were
71%
made
70%
let
69%
heal
68%
okay
68%
if
67%
thats
67%
closing
65%
remember
65%
bleed
64%
die
64%
words
64%
pages
63%
easier
62%
with
61%
just
59%
mend
59%
street
59%
sixteen
57%
kissed
54%
how
53%
under
53%
pockets
52%
sixth
52%
take
52%
back
51%
oh
51%
well
51%
every
50%
piece
50%
should
49%
i'm
48%
lamppost
48%
next
48%
necklace
47%
whisper
47%
deep
46%
got
46%
phone
46%
swear
46%
away
45%
hearing
43%
through
42%
within
42%
heartbeat
41%
hmmm
41%
ya
41%
fit
36%
No matching quizzes found
Score Distribution
Percent of People with Each Score
Percentile by Number Answered
Your Score History
You have not taken this quiz